LEADER 01088cam0 2200253 450 001 E600200034360 005 20201203162006.0 100 $a20080211d1982 |||||ita|0103 ba 101 $aita 102 $aIT 200 1 $aNel secondo centenario della Critica della Ragion Pura. Nota presentata nell'adunanza ordinaria del 20 dicembre 1981$fMarino Gentile 210 $aVenezia$cIstituto Veneto di Scienze, Lettere ed Arti$d1982 215 $ap. 105-113$d24 cm. 300 $aEstr. dagli : Atti dell'Istituto Veneto di Scienze, Lettere ed Arti. Tomo CXL (1981-82) 700 1$aGentile$b, Marino$3A600200046609$4070$0159558 801 0$aIT$bUNISOB$c20201203$gRICA 850 $aUNISOB 852 $aUNISOB$j100|Opusc$m134279 912 $aE600200034360 940 $aM 102 Monografia moderna SBN 941 $aM 957 $a100|Opusc$b000255$gSi$d134279$rdono$1catenacci$2UNISOB$3UNISOB$420080211092314.0$520201203161954.0$6Spinosa 996 $aNel secondo centenario della Critica della Ragion Pura. Nota presentata nell'adunanza ordinaria del 20 dicembre 1981$91684416 997 $aUNISOB